Winston Churchill - Great Personality of the Big Three bakalárska práca

Gespeichert in:
Bibliographische Detailangaben
1. Verfasser: Valihorová, Jana
Körperschaft: Fakulta aplikovaných jazykov EU v Bratislave. Katedra interkultúrnej komunikácie
Weitere Verfasser: Bláhová, Mária
Format: Buch
Sprache:Englisch
Veröffentlicht: Bratislava 2020
Tags: Tag hinzufügen
Keine Tags, Fügen Sie das erste Tag hinzu!

MARC

LEADER 00000nbm a2200000 4500
001 0264379
005 20210414103602.7
041 0 |a eng 
044 |a SK 
245 1 0 |a Winston Churchill - Great Personality of the Big Three  |b bakalárska práca  |c Jana Valihorová ; školiteľ: Mária Bláhová 
264 1 |a Bratislava  |c 2020 
300 |a 48 s. 
100 1 |a Valihorová, Jana 
700 1 |a Bláhová, Mária 
710 2 |a Fakulta aplikovaných jazykov EU v Bratislave. Katedra interkultúrnej komunikácie